000 00345nam a22001457a 4500
003 OSt
005 20160727222408.0
008 160624b xxu||||| |||| 00| 0 eng d
040 _cTEST
100 _9918
_aYoung Scientist
245 _aInvestigating Light
260 _aLONDON
_bWORLD BOOKS
_c1990
300 _aInvestigating Light
942 _2ddc
_cBK
999 _c730
_d730